| 000 | 01126cam a2200349 a 4500 | ||
|---|---|---|---|
| 001 | 58250 | ||
| 003 | CO-BoRNBP | ||
| 005 | 20250820210908.0 | ||
| 007 | ta | ||
| 008 | 030830s1999 sp a jr 00011 spa d | ||
| 020 | _a8421636820 (Bruño) | ||
| 040 |
_ala _cla |
||
| 041 | 1 |
_aspa _hfre |
|
| 043 | _ae-fr--- | ||
| 082 | 0 | 4 |
_aI843.91 _bJ18m _219 ed. |
| 100 | 1 |
_aJaouen, Hervé. _928285 |
|
| 245 | 1 | 3 |
_aEl monstruo del lago negro / _cHervé Jaouen ; traducción Beatriz Velasco. |
| 250 | _a1a. edición | ||
| 300 |
_a63 p. : _bil. ; _c22 cm. |
||
| 336 |
_2rdacontent _atexto _btxt |
||
| 337 |
_2rdamedia _asin mediación _bn |
||
| 338 |
_2rdacarrier _avolumen _bnc |
||
| 500 | _aAl final incluye un cuestionario para entendimiento de lectura. | ||
| 534 | _tLe monstre du lac noir. | ||
| 650 | 7 |
_aCuentos infantiles franceses. _2BLAAUTO _97840 |
|
| 650 | 7 |
_aPesca _vCuentos infantiles. _2BLAAUTO _962735 |
|
| 650 | 7 |
_aMonstruos _vCuentos infantiles. _2BLAAUTO _962736 |
|
| 700 | 1 |
_aVelasco, Beatriz, _etr. _962721 |
|
| 830 | 0 |
_aLista Básica-Bibliotécas Públicas 1. _942791 |
|
| 942 |
_2ddc _cBK |
||
| 949 |
_an _bn |
||
| 999 |
_c58250 _d58250 |
||